| 000 | 00357 a2200133 4500 | ||
|---|---|---|---|
| 000 | nam a22 7a 4500 | ||
| 100 | _aJha, Gopal Chandra | ||
| 110 | _aJha, Gopal Chandra | ||
| 245 | _aVaidik vangmay mein paryavaran ka mahatva | ||
| 250 | _aLatest edition | ||
| 260 |
_bsatyam Publication _c2025 |
||
| 264 |
_bsatyam Publication _c2025 |
||
| 942 | _cBK | ||
| 999 |
_c395910 _d395910 |
||